PANDOOOORA - Statistics

Statistiche generali
  • Questo quiz è stato fatto 37 volte
  • Il punteggio medio è 96 su 185
Statistiche sulle risposte
Risposta % Corretto
a
100%
i
100%
ti
97%
da
94%
e
94%
in
94%
Pandora
94%
pandora
94%
mi
91%
Mi
91%
porterò
91%
di
84%
il
84%
un
84%
farai
75%
mio
75%
al
72%
d'amor
69%
una
66%
mostrerò
63%
palazzo
63%
caro
56%
amato
53%
tu
53%
genitor
50%
giardino
50%
ma
47%
pochino
47%
coccole
44%
la
44%
caserma
41%
nel
38%
seria
38%
bottega
34%
che
34%
con
34%
dichiarazion
34%
fare
34%
special
34%
cocktail
31%
sei
31%
vacca
31%
amor
28%
assaggerai
28%
latte
25%
vai
25%
vuoi
25%
cacca
22%
casa
22%
essere
22%
giorni
22%
io
22%
lo
22%
monta
22%
piacerebbe
22%
tutti
22%
bella
19%
farmi
19%
toro
19%
farti
16%
trovatella
16%
sardegna
13%
anguria
9%
darai
9%
darò
9%
fresca
9%
stagion
9%
sul
9%
fine
6%
mostrerai
6%
vita
6%
alle
3%
cura
3%
mie
3%
mulo
3%
pene
3%
prenderai
3%
tanto
3%
Nessun quiz corrispondente trovato
Distribuzione punteggi
Percentuale di utenti per punteggio
Percentile per numero di risposta
I tuoi punteggi nel tempo
Non hai fatto questo quiz